[Event "Girls U14 Polish Youth Championship"]
[Site "chess24.com"]
[Date "2018.05.03"]
[Round "6"]
[White "Mysliwiec, Natalia"]
[Black "Kot, Ewelina"]
[Result "1-0"]
[Board "21"]
[WhiteElo "1391"]
[WhiteCountry "POL"]
[WhiteFideId "21831262"]
[WhiteEloChange "4"]
[BlackElo "1148"]
[BlackCountry "POL"]
[BlackFideId "21871566"]
[BlackEloChange "-4"]

1. d4 {[%clk 1:30:59]} d5 {[%clk 1:30:53]} 2. Bf4 {[%clk 1:31:23]} Nf6 {[%clk
1:30:49]} 3. Nf3 {[%clk 1:31:43]} e6 {[%clk 1:31:05]} 4. e3 {[%clk 1:31:54]} c5
{[%clk 1:30:56]} 5. c3 {[%clk 1:32:04]} Nc6 {[%clk 1:30:33]} 6. Nbd2 {[%clk
1:30:50]} Bd6 {[%clk 1:28:20]} 7. Bg3 {[%clk 1:29:43]} O-O {[%clk 1:27:07]} 8.
Bd3 {[%clk 1:27:35]} Qe7 {[%clk 1:24:26]} 9. O-O {[%clk 1:20:06]} e5 {[%clk
1:21:23]} 10. dxe5 {[%clk 1:12:18]} Nxe5 {[%clk 1:20:14]} 11. Nxe5 {[%clk
1:11:28]} Bxe5 {[%clk 1:20:29]} 12. Bxe5 {[%clk 1:07:27]} Qxe5 {[%clk 1:20:43]}
13. Nf3 {[%clk 1:07:13]} Qd6 {[%clk 1:17:44]} 14. h3 {[%clk 1:05:29]} Re8 {[%clk
1:14:42]} 15. c4 {[%clk 1:02:44]} Qd8 {[%clk 1:13:37]} 16. Qc2 {[%clk 0:59:24]}
h6 {[%clk 1:11:04]} 17. Rfd1 {[%clk 0:58:51]} Be6 {[%clk 1:07:00]} 18. cxd5
{[%clk 0:54:43]} Bxd5 {[%clk 1:06:02]} 19. Bc4 {[%clk 0:54:14]} Be4 {[%clk
1:04:48]} 20. Rxd8 {[%clk 0:53:51]} Bxc2 {[%clk 1:05:05]} 21. Rxa8 {[%clk
0:54:17]} Rxa8 {[%clk 1:05:11]} 22. Rc1 {[%clk 0:54:29]} Be4 {[%clk 1:04:52]} 23.
Ne5 {[%clk 0:54:34]} Bd5 {[%clk 0:59:17]} 24. Bxd5 {[%clk 0:54:31]} Nxd5 {[%clk
0:59:36]} 25. Rxc5 {[%clk 0:54:51]} Nb4 {[%clk 0:57:48]} 26. a3 {[%clk 0:44:37]}
Na6 {[%clk 0:57:53]} 27. Rd5 {[%clk 0:44:02]} f6 {[%clk 0:57:17]} 28. Nd3 {[%clk
0:36:40]} b6 {[%clk 0:57:15]} 29. Rd7 {[%clk 0:36:17]} Kh8 {[%clk 0:56:41]} 30.
Kf1 {[%clk 0:34:29]} Kh7 {[%clk 0:55:49]} 31. b4 {[%clk 0:34:19]} Kg6 {[%clk
0:45:43]} 32. Nf4+ {[%clk 0:33:29]} Kh7 {[%clk 0:44:38]} 33. Nh5 {[%clk 0:33:52]}
Kg6 {[%clk 0:43:41]} 34. Nxg7 {[%clk 0:33:24]} Nb8 {[%clk 0:41:05]} 35. Rc7
{[%clk 0:31:52]} Nc6 {[%clk 0:41:07]} 36. Ne6 {[%clk 0:30:20]} Ne5 {[%clk
0:41:05]} 37. Ke2 {[%clk 0:28:53]} Kf5 {[%clk 0:41:08]} 38. Nd4+ {[%clk 0:28:48]}
Kg6 {[%clk 0:41:17]} 39. f4 {[%clk 0:28:08]} Nf7 {[%clk 0:41:24]} 40. f5+ {[%clk
0:28:27]} Kg7 {[%clk 0:41:41]} 41. Nb5 {[%clk 0:28:30]} a6 {[%clk 0:41:51]} 42.
Nd6 {[%clk 0:28:44]} Rf8 {[%clk 0:42:20]} 43. a4 {[%clk 0:27:05]} Kg8 {[%clk
0:42:36]} 44. Nxf7 {[%clk 0:27:25]} Rxf7 {[%clk 0:42:57]} 45. Rxf7 {[%clk
0:27:30]} Kxf7 {[%clk 0:43:22]} 46. Kd3 {[%clk 0:27:44]} Ke7 {[%clk 0:43:34]} 47.
Kd4 {[%clk 0:27:29]} Kd6 {[%clk 0:43:53]} 48. b5 {[%clk 0:27:26]} a5 {[%clk
0:44:16]} 49. g4 {[%clk 0:27:39]} Kc7 {[%clk 0:43:54]} 50. Kd5 {[%clk 0:27:57]}
Kd7 {[%clk 0:44:18]} 51. e4 {[%clk 0:28:21]} Ke7 {[%clk 0:44:24]} 52. Kc6 {[%clk
0:28:44]} Kd8 {[%clk 0:44:40]} 53. Kxb6 {[%clk 0:29:02]} Kd7 {[%clk 0:45:06]} 54.
Kxa5 {[%clk 0:29:20]} Kc7 {[%clk 0:45:18]} 55. b6+ {[%clk 0:29:46]} Kb7 {[%clk
0:45:37]} 56. Kb5 {[%clk 0:30:12]} Kb8 {[%clk 0:45:45]} 57. a5 {[%clk 0:30:38]}
1-0

[Event "Girls U14 Polish Youth Championship"]
[Site "chess24.com"]
[Date "2018.05.03"]
[Round "6"]
[White "Nowak, Roksana"]
[Black "Lewandowska, Weronika"]
[Result "1-0"]
[Board "22"]
[WhiteElo "1352"]
[WhiteCountry "POL"]
[WhiteFideId "21847991"]
[WhiteEloChange "6"]
[BlackElo "1219"]
[BlackCountry "POL"]
[BlackFideId "21814198"]
[BlackEloChange "-6"]

1. e4 {[%clk 1:30:58]} b6 {[%clk 1:30:51]} 2. Nc3 {[%clk 1:31:20]} Bb7 {[%clk
1:31:09]} 3. d4 {[%clk 1:31:25]} e6 {[%clk 1:31:05]} 4. Bd3 {[%clk 1:31:07]} Nf6
{[%clk 1:30:35]} 5. Nf3 {[%clk 1:29:52]} d5 {[%clk 1:28:57]} 6. e5 {[%clk
1:28:58]} Nfd7 {[%clk 1:28:54]} 7. O-O {[%clk 1:29:03]} c5 {[%clk 1:27:27]} 8.
Bb5 {[%clk 1:22:39]} Be7 {[%clk 1:23:53]} 9. Ne2 {[%clk 1:19:52]} a6 {[%clk
1:21:21]} 10. Bxd7+ {[%clk 1:20:06]} Nxd7 {[%clk 1:21:14]} 11. c3 {[%clk
1:20:27]} O-O {[%clk 1:20:01]} 12. Be3 {[%clk 1:19:25]} c4 {[%clk 1:16:48]} 13.
Ng3 {[%clk 1:19:24]} b5 {[%clk 1:11:50]} 14. Qd2 {[%clk 1:19:07]} Re8 {[%clk
1:09:57]} 15. h3 {[%clk 1:10:31]} a5 {[%clk 1:04:56]} 16. Rab1 {[%clk 1:09:12]}
a4 {[%clk 0:57:46]} 17. b3 {[%clk 1:05:45]} axb3 {[%clk 0:55:55]} 18. axb3 {[%clk
1:06:06]} Qc7 {[%clk 0:55:03]} 19. b4 {[%clk 1:06:21]} Ra7 {[%clk 0:51:52]} 20.
Ra1 {[%clk 1:05:48]} Rea8 {[%clk 0:51:40]} 21. Rxa7 {[%clk 1:05:42]} Rxa7 {[%clk
0:52:02]} 22. Nh2 {[%clk 1:05:39]} Qb8 {[%clk 0:47:40]} 23. Ng4 {[%clk 1:02:42]}
Qa8 {[%clk 0:43:59]} 24. Bg5 {[%clk 0:59:06]} Bd8 {[%clk 0:40:24]} 25. Bxd8
{[%clk 0:58:52]} Qxd8 {[%clk 0:40:33]} 26. Nh5 {[%clk 0:51:15]} Kf8 {[%clk
0:28:24]} 27. Qc2 {[%clk 0:42:30]} g6 {[%clk 0:26:22]} 28. Nhf6 {[%clk 0:42:05]}
h5 {[%clk 0:21:50]} 29. Nxd7+ {[%clk 0:37:00]} Qxd7 {[%clk 0:20:12]} 30. Nf6
{[%clk 0:37:25]} Qd8 {[%clk 0:20:32]} 31. g4 {[%clk 0:36:16]} hxg4 {[%clk
0:20:06]} 32. hxg4 {[%clk 0:36:26]} Qa8 {[%clk 0:18:40]} 33. Qc1 {[%clk 0:34:49]}
Ke7 {[%clk 0:17:50]} 34. Kg2 {[%clk 0:31:47]} Bc6 {[%clk 0:15:36]} 35. Rh1 {[%clk
0:31:44]} Qb7 {[%clk 0:15:01]} 36. Qg5 {[%clk 0:29:25]} Kd8 {[%clk 0:06:20]} 37.
Nxd5+ {[%clk 0:20:05]} Qe7 {[%clk 0:06:22]} 38. Rh8+ {[%clk 0:20:23]} Kd7 {[%clk
0:06:37]} 39. Qxe7# {[%clk 0:20:39]} 1-0

[Event "Girls U14 Polish Youth Championship"]
[Site "chess24.com"]
[Date "2018.05.03"]
[Round "6"]
[White "Bychowska, Marta"]
[Black "Szewczyk, Malwina"]
[Result "1-0"]
[Board "23"]
[WhiteElo "1114"]
[WhiteCountry "POL"]
[WhiteFideId "21889643"]
[WhiteEloChange "14"]
[BlackElo "1257"]
[BlackCountry "POL"]
[BlackFideId "21801649"]
[BlackEloChange "-14"]

1. e4 {[%clk 1:30:57]} c5 {[%clk 1:30:13]} 2. Nf3 {[%clk 1:31:21]} Nc6 {[%clk
1:30:04]} 3. d4 {[%clk 1:31:43]} cxd4 {[%clk 1:30:18]} 4. Nxd4 {[%clk 1:32:07]}
g6 {[%clk 1:30:14]} 5. c4 {[%clk 1:31:34]} Bg7 {[%clk 1:28:40]} 6. Be3 {[%clk
1:31:40]} Nf6 {[%clk 1:27:50]} 7. Nc3 {[%clk 1:31:38]} Ng4 {[%clk 1:27:31]} 8.
Qxg4 {[%clk 1:30:03]} Nxd4 {[%clk 1:27:39]} 9. Qd1 {[%clk 1:27:24]} Nc6 {[%clk
1:27:52]} 10. Qd2 {[%clk 1:26:14]} d6 {[%clk 1:22:51]} 11. Be2 {[%clk 1:25:38]}
Be6 {[%clk 1:21:29]} 12. Rc1 {[%clk 1:23:36]} O-O {[%clk 1:21:01]} 13. b3 {[%clk
1:21:48]} Qa5 {[%clk 1:20:12]} 14. Nd5 {[%clk 1:09:12]} Bb2 {[%clk 1:15:58]} 15.
Qxa5 {[%clk 1:08:37]} Nxa5 {[%clk 1:16:15]} 16. Nxe7+ {[%clk 1:08:29]} Kg7 {[%clk
1:16:28]} 17. Rd1 {[%clk 1:07:33]} Rfd8 {[%clk 1:14:10]} 18. f3 {[%clk 1:05:20]}
Nc6 {[%clk 1:11:33]} 19. Nxc6 {[%clk 0:59:50]} bxc6 {[%clk 1:11:56]} 20. O-O
{[%clk 0:59:19]} a5 {[%clk 1:08:58]} 21. Rd2 {[%clk 0:52:44]} Bc3 {[%clk
1:08:59]} 22. Rd3 {[%clk 0:52:46]} Bb4 {[%clk 1:09:15]} 23. Rfd1 {[%clk 0:52:48]}
a4 {[%clk 1:09:30]} 24. f4 {[%clk 0:31:24]} axb3 {[%clk 1:09:10]} 25. axb3 {[%clk
0:31:44]} Ra2 {[%clk 1:09:32]} 26. Bf3 {[%clk 0:31:59]} f5 {[%clk 1:08:50]} 27.
e5 {[%clk 0:30:28]} d5 {[%clk 1:09:06]} 28. cxd5 {[%clk 0:30:05]} cxd5 {[%clk
1:09:16]} 29. Bxd5 {[%clk 0:29:15]} Bxd5 {[%clk 1:08:54]} 30. Rxd5 {[%clk
0:29:16]} Rxd5 {[%clk 1:09:04]} 31. Rxd5 {[%clk 0:29:34]} Ra1+ {[%clk 1:08:42]}
32. Kf2 {[%clk 0:29:57]} Ra2+ {[%clk 1:08:16]} 33. Kf3 {[%clk 0:28:38]} Be1
{[%clk 1:07:56]} 34. e6 {[%clk 0:19:40]} Kf6 {[%clk 1:07:28]} 35. Bd4+ {[%clk
0:19:26]} Ke7 {[%clk 1:06:40]} 36. Bc5+ {[%clk 0:18:27]} Ke8 {[%clk 1:06:58]} 37.
e7 {[%clk 0:18:15]} Ra8 {[%clk 1:06:54]} 38. g4 {[%clk 0:17:25]} Bh4 {[%clk
1:06:43]} 39. g5 {[%clk 0:15:02]} Rb8 {[%clk 0:58:55]} 40. Ke2 {[%clk 0:14:26]}
h6 {[%clk 0:57:42]} 41. Rd8+ {[%clk 0:10:32]} Rxd8 {[%clk 0:57:55]} 42. exd8Q+
{[%clk 0:10:41]} Kxd8 {[%clk 0:58:22]} 43. gxh6 {[%clk 0:10:47]} Bf6 {[%clk
0:58:49]} 44. h7 {[%clk 0:10:21]} Bh8 {[%clk 0:59:12]} 45. Kd3 {[%clk 0:10:42]}
Ke8 {[%clk 0:59:36]} 46. Bd4 {[%clk 0:10:47]} Bxd4 {[%clk 0:59:31]} 47. Kxd4
{[%clk 0:11:09]} 1-0

[Event "Girls U14 Polish Youth Championship"]
[Site "chess24.com"]
[Date "2018.05.03"]
[Round "6"]
[White "Franek, Diana"]
[Black "Retz, Agnieszka"]
[Result "0-1"]
[Board "24"]
[WhiteElo "1190"]
[WhiteCountry "POL"]
[WhiteFideId "21856516"]
[WhiteEloChange "-11"]
[BlackElo "1172"]
[BlackCountry "POL"]
[BlackFideId "21819408"]
[BlackEloChange "11"]

1. e4 {[%clk 1:30:30]} c5 {[%clk 1:30:49]} 2. Nf3 {[%clk 1:30:53]} Nc6 {[%clk
1:31:09]} 3. d4 {[%clk 1:31:18]} cxd4 {[%clk 1:31:33]} 4. Nxd4 {[%clk 1:31:43]}
g6 {[%clk 1:31:48]} 5. Nc3 {[%clk 1:31:58]} Bg7 {[%clk 1:32:02]} 6. Be3 {[%clk
1:32:17]} Nf6 {[%clk 1:32:22]} 7. Bc4 {[%clk 1:32:00]} O-O {[%clk 1:32:42]} 8.
Bb3 {[%clk 1:31:49]} d6 {[%clk 1:33:01]} 9. f3 {[%clk 1:31:12]} Nxd4 {[%clk
1:32:19]} 10. Bxd4 {[%clk 1:29:39]} Be6 {[%clk 1:31:48]} 11. Bxe6 {[%clk
1:17:03]} fxe6 {[%clk 1:31:57]} 12. Qd2 {[%clk 1:13:44]} a5 {[%clk 1:30:15]} 13.
O-O-O {[%clk 1:09:27]} d5 {[%clk 1:19:25]} 14. Rhe1 {[%clk 1:05:46]} Qc7 {[%clk
1:16:47]} 15. g4 {[%clk 0:49:33]} e5 {[%clk 1:15:27]} 16. Bg1 {[%clk 0:46:03]} d4
{[%clk 1:13:04]} 17. Nb5 {[%clk 0:41:23]} Qc4 {[%clk 1:12:26]} 18. Qd3 {[%clk
0:34:03]} Qxa2 {[%clk 1:11:48]} 19. h4 {[%clk 0:33:56]} h5 {[%clk 1:11:25]} 20.
g5 {[%clk 0:33:02]} Nd7 {[%clk 1:10:47]} 21. b3 {[%clk 0:31:52]} Rac8 {[%clk
1:10:20]} 22. Kd2 {[%clk 0:31:14]} Rxf3 {[%clk 1:09:41]} 23. Re3 {[%clk 0:27:43]}
dxe3+ {[%clk 1:04:57]} 24. Ke2 {[%clk 0:27:57]} Rg3 {[%clk 1:02:22]} 25. Nc3
{[%clk 0:23:53]} Rg2+ {[%clk 1:01:17]} 26. Kf1 {[%clk 0:22:38]} Qxc2 {[%clk
1:01:30]} 27. Nd5 {[%clk 0:21:33]} e2+ {[%clk 1:01:23]} 28. Qxe2 {[%clk 0:20:22]}
Qxe2# {[%clk 1:01:21]} 0-1

[Event "Girls U14 Polish Youth Championship"]
[Site "chess24.com"]
[Date "2018.05.03"]
[Round "6"]
[White "Kaznowska, Weronika"]
[Black "Polakowska, Agnieszka"]
[Result "1/2-1/2"]
[Board "25"]
[WhiteElo "1131"]
[WhiteCountry "POL"]
[WhiteFideId "21816719"]
[WhiteEloChange "1"]
[BlackElo "1180"]
[BlackCountry "POL"]
[BlackFideId "21800804"]
[BlackEloChange "-1"]

1. d4 {[%clk 1:30:58]} d5 {[%clk 1:30:54]} 2. c4 {[%clk 1:31:20]} c6 {[%clk
1:31:16]} 3. Nc3 {[%clk 1:31:43]} Nf6 {[%clk 1:31:36]} 4. Bf4 {[%clk 1:32:00]} e6
{[%clk 1:31:10]} 5. e3 {[%clk 1:32:20]} Nbd7 {[%clk 1:30:12]} 6. Nf3 {[%clk
1:32:33]} Be7 {[%clk 1:29:46]} 7. Qc2 {[%clk 1:32:41]} h6 {[%clk 1:29:06]} 8. Be2
{[%clk 1:32:38]} dxc4 {[%clk 1:28:05]} 9. Bxc4 {[%clk 1:32:36]} Nd5 {[%clk
1:27:51]} 10. Nxd5 {[%clk 1:32:55]} exd5 {[%clk 1:28:05]} 11. Bxd5 {[%clk
1:32:56]} Bb4+ {[%clk 1:27:58]} 12. Nd2 {[%clk 1:30:58]} Bxd2+ {[%clk 1:28:14]}
13. Qxd2 {[%clk 1:30:58]} cxd5 {[%clk 1:28:34]} 14. Rc1 {[%clk 1:31:13]} O-O
{[%clk 1:28:16]} 15. Qe2 {[%clk 1:30:25]} Qa5+ {[%clk 1:19:43]} 16. Rc3 {[%clk
1:30:35]} b6 {[%clk 1:15:50]} 17. Qc2 {[%clk 1:28:02]} Ba6 {[%clk 1:14:36]} 18.
Bd6 {[%clk 1:27:37]} Rfc8 {[%clk 1:14:04]} 19. a3 {[%clk 1:25:26]} Rxc3 {[%clk
1:13:00]} 20. Qxc3 {[%clk 1:25:47]} Qxc3+ {[%clk 1:13:17]} 21. bxc3 {[%clk
1:26:08]} Rc8 {[%clk 1:13:03]} 22. Kd2 {[%clk 1:26:27]} Nf6 {[%clk 1:13:06]} 23.
f3 {[%clk 1:26:47]} Re8 {[%clk 1:11:10]} 24. Ra1 {[%clk 1:26:43]} Bc4 {[%clk
1:09:38]} 25. a4 {[%clk 1:26:57]} a6 {[%clk 1:07:01]} 26. Bc7 {[%clk 1:26:04]} b5
{[%clk 1:06:48]} 27. axb5 {[%clk 1:26:26]} axb5 {[%clk 1:07:14]} 28. Ra5 {[%clk
1:26:11]} Re7 {[%clk 1:05:36]} 29. Bd6 {[%clk 1:25:42]} Re8 {[%clk 1:00:26]} 30.
Be5 {[%clk 1:24:22]} Nd7 {[%clk 0:57:59]} 31. Bd6 {[%clk 1:24:34]} Nb6 {[%clk
0:56:56]} 32. Ra6 {[%clk 1:23:53]} Nc8 {[%clk 0:54:16]} 33. Bc5 {[%clk 1:23:19]}
b4 {[%clk 0:53:11]} 34. Ra4 {[%clk 1:23:19]} b3 {[%clk 0:53:21]} 35. Rb4 {[%clk
1:23:33]} Ne7 {[%clk 0:52:59]} 36. e4 {[%clk 1:23:16]} Ng6 {[%clk 0:51:24]} 37.
exd5 {[%clk 1:23:07]} Bxd5 {[%clk 0:51:02]} 38. c4 {[%clk 1:23:21]} 1/2-1/2

[Event "Girls U14 Polish Youth Championship"]
[Site "chess24.com"]
[Date "2018.05.03"]
[Round "6"]
[White "Gromek, Aleksandra"]
[Black "Pieczewska, Gabriela"]
[Result "1/2-1/2"]
[Board "26"]
[WhiteElo "1101"]
[WhiteCountry "POL"]
[WhiteFideId "21866619"]
[WhiteEloChange "3"]
[BlackElo "1203"]
[BlackCountry "POL"]
[BlackFideId "1195158"]
[BlackEloChange "-3"]

1. e4 {[%clk 1:30:58]} e6 {[%clk 1:30:52]} 2. d4 {[%clk 1:31:16]} d5 {[%clk
1:30:58]} 3. exd5 {[%clk 1:31:25]} exd5 {[%clk 1:31:16]} 4. Nf3 {[%clk 1:30:51]}
c5 {[%clk 1:30:51]} 5. c3 {[%clk 1:29:11]} Bd6 {[%clk 1:26:39]} 6. Be3 {[%clk
1:25:57]} c4 {[%clk 1:24:32]} 7. g3 {[%clk 1:21:42]} Ne7 {[%clk 1:20:19]} 8. Bg2
{[%clk 1:20:26]} O-O {[%clk 1:15:26]} 9. O-O {[%clk 1:18:09]} Nbc6 {[%clk
1:13:19]} 10. Nbd2 {[%clk 1:11:46]} f5 {[%clk 1:07:54]} 11. Nb1 {[%clk 1:08:23]}
f4 {[%clk 0:59:03]} 12. Bd2 {[%clk 1:06:27]} Bg4 {[%clk 0:57:55]} 13. Re1 {[%clk
1:00:35]} h5 {[%clk 0:53:29]} 14. h4 {[%clk 0:55:53]} fxg3 {[%clk 0:52:10]} 15.
Bg5 {[%clk 0:51:14]} Qd7 {[%clk 0:45:00]} 16. Nbd2 {[%clk 0:47:03]} Ng6 {[%clk
0:41:16]} 17. Nf1 {[%clk 0:44:55]} Qc7 {[%clk 0:36:27]} 18. Re3 {[%clk 0:38:31]}
gxf2+ {[%clk 0:32:02]} 19. Kxf2 {[%clk 0:37:14]} Bf4 {[%clk 0:31:57]} 20. Bxf4
{[%clk 0:31:19]} Rxf4 {[%clk 0:28:59]} 21. Nh2 {[%clk 0:30:01]} Nxh4 {[%clk
0:27:29]} 22. Kg1 {[%clk 0:28:16]} Bxf3 {[%clk 0:24:45]} 23. Nxf3 {[%clk
0:28:05]} Nxg2 {[%clk 0:24:22]} 24. Kxg2 {[%clk 0:27:01]} Rg4+ {[%clk 0:24:29]}
25. Kh1 {[%clk 0:22:01]} Qg3 {[%clk 0:23:38]} 26. Qg1 {[%clk 0:20:56]} Rf8 {[%clk
0:21:46]} 27. Qxg3 {[%clk 0:20:57]} Rxg3 {[%clk 0:22:05]} 28. Rf1 {[%clk
0:21:15]} h4 {[%clk 0:22:04]} 29. Kh2 {[%clk 0:20:30]} g5 {[%clk 0:21:13]} 30.
Rg1 {[%clk 0:19:41]} Rxg1 {[%clk 0:17:19]} 31. Kxg1 {[%clk 0:19:52]} g4 {[%clk
0:16:25]} 32. Nxh4 {[%clk 0:19:47]} Kg7 {[%clk 0:15:18]} 33. Rg3 {[%clk 0:19:31]}
Kh6 {[%clk 0:14:21]} 34. Ng2 {[%clk 0:18:08]} Kh5 {[%clk 0:14:41]} 35. Ne3 {[%clk
0:18:14]} Rf3 {[%clk 0:12:08]} 36. Rxf3 {[%clk 0:18:28]} gxf3 {[%clk 0:12:31]}
37. Kf2 {[%clk 0:18:50]} Ne7 {[%clk 0:12:50]} 38. Kxf3 {[%clk 0:19:01]} Kg5
{[%clk 0:13:08]} 1/2-1/2

[Event "Girls U14 Polish Youth Championship"]
[Site "chess24.com"]
[Date "2018.05.03"]
[Round "7"]
[White "Dylag, Emilia"]
[Black "Zarebska, Lena"]
[Result "1-0"]
[Board "1"]
[WhiteElo "1871"]
[WhiteCountry "POL"]
[WhiteFideId "21805172"]
[WhiteEloChange "7"]
[BlackElo "1754"]
[BlackCountry "POL"]
[BlackFideId "21807698"]
[BlackEloChange "-7"]

1. d4 {[%clk 1:30:56]} Nf6 {[%clk 1:30:55]} 2. Nc3 {[%clk 1:31:06]} g6 {[%clk
1:31:03]} 3. Bf4 {[%clk 1:30:09]} Bg7 {[%clk 1:27:19]} 4. e3 {[%clk 1:27:23]} O-O
{[%clk 1:27:11]} 5. h4 {[%clk 1:26:07]} h5 {[%clk 1:23:03]} 6. Nf3 {[%clk
1:25:32]} d6 {[%clk 1:23:08]} 7. Qd2 {[%clk 1:23:19]} c6 {[%clk 1:21:07]} 8.
O-O-O {[%clk 1:20:35]} b5 {[%clk 1:15:45]} 9. Ng5 {[%clk 1:11:19]} Qa5 {[%clk
1:08:32]} 10. Kb1 {[%clk 1:09:54]} Nbd7 {[%clk 1:04:40]} 11. f3 {[%clk 1:01:38]}
Nb6 {[%clk 1:00:15]} 12. Nd5 {[%clk 0:47:52]} Qa4 {[%clk 0:55:17]} 13. Nxe7+
{[%clk 0:47:49]} Kh8 {[%clk 0:55:44]} 14. Bxd6 {[%clk 0:40:48]} Bb7 {[%clk
0:52:40]} 15. b3 {[%clk 0:33:43]} Qa6 {[%clk 0:53:03]} 16. Bd3 {[%clk 0:30:13]}
Nbd5 {[%clk 0:49:20]} 17. e4 {[%clk 0:25:28]} Nxe7 {[%clk 0:49:29]} 18. Bxe7
{[%clk 0:25:51]} Rfe8 {[%clk 0:48:28]} 19. Nxf7+ {[%clk 0:23:46]} Kg8 {[%clk
0:48:33]} 20. Bxf6 {[%clk 0:23:57]} Bxf6 {[%clk 0:47:56]} 21. Nd6 {[%clk
0:23:55]} Re7 {[%clk 0:48:07]} 22. e5 {[%clk 0:23:56]} Bg7 {[%clk 0:48:29]} 23.
Bxg6 {[%clk 0:23:50]} c5 {[%clk 0:47:06]} 24. Qg5 {[%clk 0:22:37]} Rc7 {[%clk
0:47:03]} 25. Nxb7 {[%clk 0:17:43]} Qxb7 {[%clk 0:47:10]} 26. Be4 {[%clk
0:18:00]} Qb8 {[%clk 0:46:59]} 27. Bxa8 {[%clk 0:18:09]} Qxa8 {[%clk 0:47:26]}
28. dxc5 {[%clk 0:18:30]} 1-0

[Event "Girls U14 Polish Youth Championship"]
[Site "chess24.com"]
[Date "2018.05.03"]
[Round "7"]
[White "Wikar, Martyna"]
[Black "Czarnecka, Lidia"]
[Result "1/2-1/2"]
[Board "2"]
[WhiteElo "2029"]
[WhiteCountry "POL"]
[WhiteFideId "21807663"]
[WhiteEloChange "-6"]
[BlackElo "1809"]
[BlackCountry "POL"]
[BlackFideId "21807531"]
[BlackEloChange "6"]

1. e4 {[%clk 1:30:57]} c5 {[%clk 1:30:34]} 2. Nf3 {[%clk 1:31:20]} e6 {[%clk
1:28:43]} 3. d3 {[%clk 1:31:17]} Nc6 {[%clk 1:26:58]} 4. g3 {[%clk 1:31:06]} d6
{[%clk 1:22:59]} 5. Bg2 {[%clk 1:31:05]} Nf6 {[%clk 1:22:02]} 6. c3 {[%clk
1:29:41]} Be7 {[%clk 1:21:03]} 7. O-O {[%clk 1:29:05]} O-O {[%clk 1:20:45]} 8.
Re1 {[%clk 1:28:10]} e5 {[%clk 1:12:35]} 9. Na3 {[%clk 1:26:53]} a6 {[%clk
1:11:55]} 10. Nc2 {[%clk 1:26:56]} b5 {[%clk 1:11:19]} 11. d4 {[%clk 1:25:22]}
Bb7 {[%clk 1:10:07]} 12. d5 {[%clk 1:20:38]} Nb8 {[%clk 1:07:24]} 13. Nh4 {[%clk
1:18:52]} g6 {[%clk 1:06:34]} 14. Bh6 {[%clk 1:12:52]} Re8 {[%clk 1:05:54]} 15.
Ne3 {[%clk 1:09:38]} Nbd7 {[%clk 1:04:16]} 16. Qf3 {[%clk 1:04:21]} c4 {[%clk
0:57:01]} 17. Bf1 {[%clk 0:57:18]} Nc5 {[%clk 0:55:34]} 18. Ng4 {[%clk 0:45:51]}
Bc8 {[%clk 0:54:23]} 19. Nxf6+ {[%clk 0:43:55]} Bxf6 {[%clk 0:54:40]} 20. Ng2
{[%clk 0:41:41]} Bd7 {[%clk 0:51:42]} 21. h4 {[%clk 0:40:13]} Rc8 {[%clk
0:48:32]} 22. Ne3 {[%clk 0:33:48]} Qe7 {[%clk 0:45:05]} 23. Ng4 {[%clk 0:31:11]}
Bxg4 {[%clk 0:39:59]} 24. Qxg4 {[%clk 0:31:35]} Rc7 {[%clk 0:33:30]} 25. Kg2
{[%clk 0:30:12]} Rb8 {[%clk 0:31:45]} 26. Be2 {[%clk 0:29:13]} a5 {[%clk
0:31:00]} 27. Rh1 {[%clk 0:28:03]} Nd7 {[%clk 0:25:36]} 28. h5 {[%clk 0:25:31]}
Nf8 {[%clk 0:24:49]} 29. hxg6 {[%clk 0:22:37]} fxg6 {[%clk 0:24:52]} 30. Qh3
{[%clk 0:20:26]} Bg7 {[%clk 0:22:15]} 31. Bd2 {[%clk 0:19:49]} Bf6 {[%clk
0:19:12]} 32. Bg4 {[%clk 0:19:18]} Bg5 {[%clk 0:17:49]} 33. Bxg5 {[%clk 0:17:14]}
Qxg5 {[%clk 0:18:09]} 34. Raf1 {[%clk 0:16:33]} b4 {[%clk 0:15:00]} 35. f4 {[%clk
0:15:07]} Qf6 {[%clk 0:13:30]} 36. Rf2 {[%clk 0:14:01]} bxc3 {[%clk 0:13:29]} 37.
bxc3 {[%clk 0:14:23]} Rcb7 {[%clk 0:13:49]} 38. Rhf1 {[%clk 0:13:13]} Rb2 {[%clk
0:13:22]} 39. f5 {[%clk 0:12:38]} g5 {[%clk 0:13:12]} 40. Qh5 {[%clk 0:12:15]} a4
{[%clk 0:12:42]} 41. Bd1 {[%clk 0:11:00]} a3 {[%clk 0:12:28]} 42. Ba4 {[%clk
0:10:41]} Kg7 {[%clk 0:10:58]} 43. Bc6 {[%clk 0:10:14]} Qe7 {[%clk 0:09:36]} 44.
Kh3 {[%clk 0:09:18]} Qf6 {[%clk 0:09:57]} 45. Kg4 {[%clk 0:08:23]} h6 {[%clk
0:09:09]} 46. Qh2 {[%clk 0:06:57]} Nh7 {[%clk 0:08:21]} 47. Qh5 {[%clk 0:06:41]}
Rxf2 {[%clk 0:06:34]} 48. Rxf2 {[%clk 0:07:06]} Rb2 {[%clk 0:06:27]} 49. Kf3
{[%clk 0:06:27]} Nf8 {[%clk 0:05:02]} 50. g4 {[%clk 0:05:07]} Qe7 {[%clk
0:03:51]} 51. Qe8 {[%clk 0:04:37]} Qa7 {[%clk 0:03:29]} 52. f6+ {[%clk 0:03:50]}
Kg8 {[%clk 0:03:47]} 53. Rg2 {[%clk 0:02:23]} Rxg2 {[%clk 0:02:29]} 54. Kxg2
{[%clk 0:02:32]} Qe3 {[%clk 0:02:49]} 55. Qe7 {[%clk 0:02:03]} Qxe4+ {[%clk
0:02:29]} 56. Kg3 {[%clk 0:02:15]} Qf4+ {[%clk 0:02:22]} 57. Kh3 {[%clk 0:02:10]}
Qf3+ {[%clk 0:02:38]} 58. Kh2 {[%clk 0:02:32]} Qf2+ {[%clk 0:02:57]} 59. Kh3
{[%clk 0:02:27]} Qh4+ {[%clk 0:03:20]} 60. Kg2 {[%clk 0:02:51]} Qxg4+ {[%clk
0:03:46]} 61. Kh2 {[%clk 0:02:35]} Qf4+ {[%clk 0:03:21]} 62. Kg2 {[%clk 0:02:25]}
Qd2+ {[%clk 0:03:15]} 63. Kg3 {[%clk 0:02:39]} Qxc3+ {[%clk 0:03:22]} 64. Kg4
{[%clk 0:02:29]} Qd4+ {[%clk 0:03:40]} 65. Kh3 {[%clk 0:02:44]} g4+ {[%clk
0:02:59]} 66. Kg2 {[%clk 0:01:14]} Qd2+ {[%clk 0:03:05]} 67. Kg1 {[%clk 0:01:25]}
Qe3+ {[%clk 0:02:19]} 68. Kg2 {[%clk 0:01:34]} Qe2+ {[%clk 0:02:23]} 69. Kg1
{[%clk 0:01:54]} Qe1+ {[%clk 0:02:19]} 70. Kg2 {[%clk 0:02:20]} Qd2+ {[%clk
0:02:37]} 71. Kg1 {[%clk 0:02:33]} Qd1+ {[%clk 0:02:00]} 72. Kh2 {[%clk 0:02:27]}
Qd2+ {[%clk 0:01:35]} 73. Kg1 {[%clk 0:02:17]} Qd4+ {[%clk 0:01:45]} 74. Kg2
{[%clk 0:02:33]} Qe4+ {[%clk 0:02:07]} 75. Kf2 {[%clk 0:02:18]} Qf4+ {[%clk
0:01:50]} 76. Kg2 {[%clk 0:02:35]} Qf3+ {[%clk 0:02:05]} 77. Kg1 {[%clk 0:02:55]}
Qe3+ {[%clk 0:01:26]} 78. Kg2 {[%clk 0:03:11]} Qe2+ {[%clk 0:01:50]} 79. Kg1
{[%clk 0:03:31]} Qd1+ {[%clk 0:02:13]} 80. Kg2 {[%clk 0:03:51]} Qd2+ {[%clk
0:01:28]} 81. Kh1 {[%clk 0:03:53]} Qc1+ {[%clk 0:01:35]} 82. Kg2 {[%clk 0:04:13]}
Qd2+ {[%clk 0:00:45]} 83. Kh1 {[%clk 0:04:35]} Qd1+ {[%clk 0:01:07]} 84. Kh2
{[%clk 0:04:36]} Qe2+ {[%clk 0:00:52]} 85. Kg1 {[%clk 0:04:47]} Qe3+ {[%clk
0:01:03]} 86. Kg2 {[%clk 0:05:02]} Qe4+ {[%clk 0:01:15]} 87. Kh2 {[%clk 0:05:05]}
Qf4+ {[%clk 0:01:21]} 88. Kg2 {[%clk 0:04:23]} Qf3+ {[%clk 0:01:20]} 89. Kg1
{[%clk 0:04:47]} Qe3+ {[%clk 0:01:39]} 90. Kg2 {[%clk 0:04:57]} Qe4+ {[%clk
0:01:46]} 91. Kh2 {[%clk 0:04:46]} Qf4+ {[%clk 0:00:32]} 92. Kg2 {[%clk 0:05:01]}
Qe4+ {[%clk 0:00:59]} 93. Kh2 {[%clk 0:04:55]} Qc2+ {[%clk 0:01:15]} 94. Kg3
{[%clk 0:05:19]} Qd3+ {[%clk 0:01:17]} 95. Kg2 {[%clk 0:04:11]} Qd2+ {[%clk
0:01:33]} 1/2-1/2